Jetpunk Discord Members - Statistics

General Stats
  • This quiz has been taken 22 times
  • The average score is 5 of 8
Answer Stats
Hint Answer % Correct
I also created the wiki on the subreddit... Stewart
95%
...my Quizzes are (...) based on Trains and Rail... 🇮🇳Railfan CreativeSWAT(49)
80%
I‘m currently living in Auckland, New Zealand. Gassu (71)
75%
I'm a Norwegian quiz maker ThatNorwegianMapper (50)
75%
I'm an ordinary Singaporean. 🇸🇬 OskarRB (31🇬🇧, 15🇪🇸)
70%
I live in Vienna, speak German and English... 🇦🇹 Nathaniel (48)
55%
I like geography, vexillology, sports, history, pop culture, and programming. Nikhaz (69)
40%
...my profile still shows my (very terrible) name from back then. CringeDragon (65)
35%
No matching quizzes found
Score Distribution
Percent of People with Each Score
Percentile by Number Answered
Your Score History
You have not taken this quiz